[Event "NOR-chT Club"]
[Site "Drammen"]
[Date "2019.05.30"]
[Round "5"]
[White "Marosevic, Tomislav"]
[Black "Strand, Ingrid"]
[Result "1/2-1/2"]
[WhiteElo "1613"]
[BlackElo "1526"]
[PlyCount "105"]
[EventDate "2019.05.30"]
[EventType "team-swiss"]
[EventRounds "6"]
[EventCountry "NOR"]
[SourceTitle "CBM 190 Extra"]
[Source "ChessBase"]
[SourceDate "2019.07.15"]
[SourceVersion "1"]
[SourceVersionDate "2019.07.15"]
[SourceQuality "1"]
[WhiteTeam "Stjernen"]
[BlackTeam "Modum"]
[WhiteTeamCountry "NOR"]
[BlackTeamCountry "NOR"]

1. d4 d5 2. Nf3 Nf6 3. Bg5 e6 4. e3 Be7 5. Bd3 h6 6. Bh4 Nbd7 7. Nbd2 0-0 8. 0-0 b6 9. c4 c5 10. cxd5 exd5 11. b3 Bb7 12. Re1 Ne4 13. Bxe7 Qxe7 14. Rc1 Rac8 15. h3 Qf6 16. dxc5 Nexc5 17. Bb1 Ne5 18. Nxe5 Qxe5 19. Nf3 Qf6 20. Nd4 Rfd8 21. Re2 Ne6 22. Rxc8 Bxc8 23. Nc6 Rd7 24. Qc2 g6 25. Qc1 Bb7 26. Rc2 d4 27. Nxd4 Nxd4 28. exd4 Qxd4 29. Re2 Qd5 30. Be4 Qd1+ 31. Qxd1 Rxd1+ 32. Kh2 Bxe4 33. Rxe4 Rd2 34. Re8+ Kg7 35. a4 Rxf2 36. Re7 Rb2 37. Rxa7 Rxb3 38. Rb7 Rb4 39. g3 Rxa4 40. Rxb6 Ra2+ 41. Kg1 g5 42. Rc6 Re2 43. Rb6 h5 44. Rc6 f6 45. Rc5 Kg6 46. Ra5 Rc2 47. Rb5 Rc3 48. Kg2 Rc2+ 49. Kg1 Re2 50. Ra5 Re5 51. Ra6 Kf5 52. Kg2 Rb5 53. Ra4 1/2-1/2

[Event "Stjernen CC-ch B"]
[Site "Oslo"]
[Date "2017.02.28"]
[Round "3"]
[White "Lindsjorn, Yngve"]
[Black "Marosevic, Tomislav"]
[Result "1/2-1/2"]
[WhiteElo "1585"]
[BlackElo "1575"]
[PlyCount "78"]
[EventDate "2017.02.07"]
[EventType "swiss"]
[EventRounds "9"]
[EventCountry "NOR"]
[SourceTitle "EXT 2024"]
[Source "ChessBase"]
[SourceDate "2023.10.10"]
[SourceVersion "1"]
[SourceVersionDate "2023.10.10"]
[SourceQuality "1"]

1. e4 Nf6 2. e5 Nd5 3. d4 d6 4. Nf3 Bg4 5. Be2 e6 6. Nc3 Nxc3 7. bxc3 Nc6 8. 0-0 Be7 9. h3 Bxf3 10. Bxf3 dxe5 11. Bxc6+ bxc6 12. dxe5 Qxd1 13. Rxd1 Rd8 14. Be3 a6 15. Rab1 Rxd1+ 16. Rxd1 f6 17. f4 g5 18. g3 gxf4 19. Bxf4 Bc5+ 20. Kg2 f5 21. Kf3 h5 22. h4 Rh7 23. Bg5 Rd7 24. Rxd7 Kxd7 25. Be3 Bf8 26. c4 Bb4 27. Kf4 Be1 28. a4 Ke7 29. Bd4 Kf7 30. Kf3 Kg6 31. Kf4 Bd2+ 32. Be3 Be1 33. Bd4 Bb4 34. Be3 Be7 35. c5 Bf8 36. Kf3 Bg7 37. Kf4 Bh6+ 38. Kf3 Bxe3 39. Kxe3 a5 1/2-1/2

[Event "Stjernen CC-ch B"]
[Site "Oslo"]
[Date "2017.02.07"]
[Round "1"]
[White "Omre, Christian"]
[Black "Marosevic, Tomislav"]
[Result "0-1"]
[WhiteElo "1320"]
[BlackElo "1575"]
[PlyCount "98"]
[EventDate "2017.02.07"]
[EventType "swiss"]
[EventRounds "9"]
[EventCountry "NOR"]
[SourceTitle "EXT 2024"]
[Source "ChessBase"]
[SourceDate "2023.10.10"]
[SourceVersion "1"]
[SourceVersionDate "2023.10.10"]
[SourceQuality "1"]

1. d4 Nf6 2. Bf4 e6 3. Nf3 c5 4. c3 Qb6 5. Qc2 Nc6 6. e3 d5 7. Be2 Be7 8. Nbd2 0-0 9. h3 Bd7 10. 0-0 Rac8 11. Rac1 cxd4 12. exd4 Na5 13. Rfe1 Bb5 14. Bxb5 Qxb5 15. Ne5 Nc6 16. Ndf3 Nxe5 17. Nxe5 Ne4 18. a4 Qa6 19. Re3 b5 20. axb5 Qxb5 21. Ra1 a6 22. b3 f6 23. Nf3 Rc6 24. c4 Qb7 25. Qd3 Bb4 26. Rxe4 dxe4 27. Qxe4 a5 28. d5 Rb6 29. Rd1 e5 30. Be3 Rd6 31. c5 Rdd8 32. c6 Qc7 33. Nd2 f5 34. Qc4 Rd6 35. Bc5 Bxc5 36. Qxc5 Rfd8 37. Nc4 Rxc6 38. dxc6 Rxd1+ 39. Kh2 e4+ 40. g3 Rc1 41. Qd5+ Kh8 42. Qd7 Qxd7 43. cxd7 Rd1 44. Nb6 Kg8 45. g4 fxg4 46. hxg4 Rd3 47. Kg2 Kf7 48. Kf1 Ke7 49. Ke2 Rxb3 0-1